राजा राममोहन राय एवं महर्षि दयानंद सरस्वती व्यक्तित्व और कृतित्व / (Record no. 12193)

MARC details
000 -LEADER
fixed length control field 01173 a2200205 4500
005 - DATE AND TIME OF LATEST TRANSACTION
control field 20080828095522.0
008 - FIXED-LENGTH DATA ELEMENTS--GENERAL INFORMATION
fixed length control field 080828t xxu||||| |||| 00| 0 hin d
010 ## - LIBRARY OF CONGRESS CONTROL NUMBER
LC control number HIN-83340
020 ## - INTERNATIONAL STANDARD BOOK NUMBER
Terms of availability 400.00
International Standard Book Number 8188418250
035 ## - SYSTEM CONTROL NUMBER
System control number HN-55686
037 ## - SOURCE OF ACQUISITION
Source of stock number/acquisition पु.प्र.अ.प्र /प्रका
082 ## - DEWEY DECIMAL CLASSIFICATION NUMBER
Classification number 303.484092
100 ## - MAIN ENTRY--PERSONAL NAME
Personal name सकवार, कमलेश
245 ## - TITLE STATEMENT
Title राजा राममोहन राय एवं महर्षि दयानंद सरस्वती व्यक्तित्व और कृतित्व /
Statement of responsibility, etc कमलेश सकवार
260 ## - PUBLICATION, DISTRIBUTION, ETC. (IMPRINT)
Place of publication, distribution, etc जयपुर
Name of publisher, distributor, etc गीतांजलि प्रकाशन
Date of publication, distribution, etc 2007
270 ## - ADDRESS
Address हाज़ी बिल्डिंग, फिल्म कालोनी
City जयपुर
Postal code 302003
State or province (राज.)
Telephone number 0141- 2315072
300 ## - PHYSICAL DESCRIPTION
Extent 268पृ
Dimensions 22 सेमी (सजिल्द)
942 ## - ADDED ENTRY ELEMENTS (KOHA)
Institution code [OBSOLETE] dpl
Koha item type Hindi Books
Call number prefix 303.484092 / सकवा
Source of classification or shelving scheme Dewey Decimal Classification
Classification part 303.484092
Call number suffix सकवा
Holdings
Withdrawn status Lost status Damaged status Not for loan Home library Current library Date acquired Cost, normal purchase price Total Checkouts Full call number Barcode Date last seen Copy number Uniform Resource Identifier Cost, replacement price Price effective from Koha item type
        D.B.Act.Division D.B.Act.Division   400.00   303.484092 सकवा HN-55686 15/09/2008 1 13358 400.00 15/09/2008 Hindi Books

© Delhi Public Library
Hit Counter
free hit counter